000 00254nam a2200109Ia 4500
008 190216s9999||||xx |||||||||||||| ||und||
100 _aMeyer B S & Anderson D B
245 0 _aPlant Physiology
260 _bVannostrand
650 _aBotany
942 _cBK
999 _c1022
_d1022